Southville International School and Colleges
Your cart is empty.
  • Cart
  • Lists
    Public lists Eva Luna New books Lux_list list_1
    Your lists Log in to create your own lists
  • Log in to your account
  • Your cookies
  • Search history
Southville International School and Colleges
  • Advanced search
  • Recent comments
  • Most popular
  • Libraries

Log in to your account

Log in with GOOGLE


If you do not have an external account, but do have a local account, you can still log in:

  1. Home
  2. MARC view: Agencies to review procedures for better service/
Normal view MARC view ISBD view

Agencies to review procedures for better service/ (Record no. 362118)

[ view plain ]
MARC details
000 -LEADER
fixed length control field 00518nam a2200169Ia 4500
008 - FIXED-LENGTH DATA ELEMENTS--GENERAL INFORMATION
fixed length control field 190912s9999 xx 000 0 und d
100 ## - MAIN ENTRY--PERSONAL NAME
Personal name Punongbayan, Michael
245 ## - TITLE STATEMENT
Title Agencies to review procedures for better service/
245 ## - TITLE STATEMENT
Statement of responsibility, etc Michael Punongbayan
260 ## - PUBLICATION, DISTRIBUTION, ETC. (IMPRINT)
Name of publisher, distributor, etc The Philippine Star
260 ## - PUBLICATION, DISTRIBUTION, ETC. (IMPRINT)
Date of publication, distribution, etc 2018
300 ## - PHYSICAL DESCRIPTION
Extent August 1, page 5
440 ## - SERIES STATEMENT/ADDED ENTRY--TITLE
Title The Philippine Star
Volume number/sequential designation 33: 5
650 ## - SUBJECT ADDED ENTRY--TOPICAL TERM
Topical term or geographic name as entry element Civil Service Commission
650 ## - SUBJECT ADDED ENTRY--TOPICAL TERM
Topical term or geographic name as entry element Law -- Philippines
650 ## - SUBJECT ADDED ENTRY--TOPICAL TERM
Topical term or geographic name as entry element Rodrigo Duterte -- President -- Philippines
Holdings
Withdrawn status Lost status Damaged status Home library Current library Date acquired Total Checkouts Date last seen Price effective from Koha item type
      Luxembourg Library Luxembourg Library 09/12/2019   09/12/2019 09/12/2019 Periodicals

Agencies to review procedures for better service/

APA

Punongbayan M., .Agencies to review procedures for better service. : The Philippine Star.

Chicago

Punongbayan Michael, .Agencies to review procedures for better service. : The Philippine Star.

Harvard

Punongbayan M., .Agencies to review procedures for better service. : The Philippine Star.

MLA

Punongbayan Michael, .: The Philippine Star. .

  • Place hold
  • Print
  • Cite
  • Add to your cart (remove)
  • Save record
    BIBTEX Dublin Core MARCXML MARC (non-Unicode/MARC-8) MARC (Unicode/UTF-8) MARC (Unicode/UTF-8, Standard) MODS (XML) RIS
  • More searches
    Search for this title in:
    Other Libraries (WorldCat) Other Databases (Google Scholar) Online Stores (Bookfinder.com) Open Library (openlibrary.org)

Exporting to Dublin Core...

SOUTHVILLE LIBRARY

Southville International School and Colleges Library

1281 Tropical Ave. Cor. Luxembourg St., BF Homes International, Las Pinas City

Tel. No. 8256374 / 252358 Loc. 117/146

Powered by Koha